00780nam a22001937a 450000500170000001000150001702000260003203500140005803700130007208200080008510000220009324501030011526001040021827000670032230000260038994200220041599900190043795201300045620231130152234.0 aENG-138498 a9789354096723c705.00 aEN-122030 bDBAD/PUB a920 aChaman Lal959268 aLife & Legend of Bhagat Singh:bA Pictorial Volume/cby Chaman Lal [and]Edited by Pankhuri Awasthi aNew DelhibPublications Division ,Ministry of Infomation and Broadcasting Government of Indiac2022 bNew DelhiaSoochna Bhawan, C.G.O. Complex, Lodhi Road e110003 a212pbill.c28cm(pbk) 2ddccRFh920mCHA c199341d199341 001040708NFICaVPbVPd2023-11-30eDBAD/PUBg705.00l0o920 CHApEN-122030r2023-11-30 00:00:00t1v705.00w2023-11-30yEN